书目信息 |
| 题名: |
用Mathematica做微积分实验
|
|
| 作者: | Andrew 编著 ;俞正光 , 章纪民 译 | |
| 分册: | ||
| 出版信息: | 北京 清华大学出版社 2003 |
|
| 页数: | 14,231页 | |
| 开本: | 20cm | |
| 丛书名: | ||
| 单 册: | ||
| 中图分类: | O245 | |
| 科图分类: | ||
| 主题词: | 数学--应用软件 | |
| 电子资源: | ||
| ISBN: | 7-302-06599-3 | |
| 000 | 01012nam0 2200265 45 | |
| 001 | 020000002276 | |
| 005 | 20051114170633.46 | |
| 010 | @a7-302-06599-3@dCNY15.00 | |
| 092 | @aCN | |
| 100 | @a20031025d2003 em y0chiy0120 ea | |
| 101 | 1 | @achi@ceng |
| 102 | @aCN@b110000 | |
| 105 | @aa z 000yy | |
| 200 | 1 | @a用Mathematica做微积分实验@Ayong Mathematica zuo wei ji fen shi yan@f(美)A.D.Andrew等编著@F(Mei)A.D.Andrew Deng Bian Zhu@g俞正光,章纪民译 |
| 210 | @a北京@c清华大学出版社@d2003 | |
| 215 | @a14,231页@c图@d20cm | |
| 330 | @aMathematica是Wolfram公司开发的用计算机处理数学问题的软件系统。它在数值计算、符号计算、图形表示、代数和微积分的机械运算等方面,有很强的功能。本书包括26个有趣的微积分实验,如:分析彩虹的形成;研究棒球的运动;设计某些电路等。 | |
| 606 | 0 | @a数学@x应用软件 |
| 610 | 0 | @aMathematica |
| 690 | @aO245@v4 | |
| 701 | 0 | @aAndrew@4编著 |
| 702 | 0 | @a俞正光@Ayu zheng guang@4译 |
| 702 | 0 | @a章纪民@Azhang ji min@4译 |
| 801 | 0 | @aCN@bCXYBOOK@c20051114 |
| 905 | @a10447@dO245@e17 | |
| 用Mathematica做微积分实验/(美)A.D.Andrew等编著/俞正光,章纪民译.-北京:清华大学出版社,2003 |
| 14,231页:图;20cm |
| ISBN 7-302-06599-3:CNY15.00 |
| Mathematica是Wolfram公司开发的用计算机处理数学问题的软件系统。它在数值计算、符号计算、图形表示、代数和微积分的机械运算等方面,有很强的功能。本书包括26个有趣的微积分实验,如:分析彩虹的形成;研究棒球的运动;设计某些电路等。 |
| ● |
| 相关链接 |
|
|
|
|
正题名:用Mathematica做微积分实验
索取号:O245/17
 
预约/预借
| 序号 | 登录号 | 条形码 | 馆藏地/架位号 | 状态 | 备注 |
| 1 | 0350765 | 3507654 | 第二样本阅览室/ [索取号:O245/17] | 在馆 | |
| 2 | 0367347 | 203673471 | 第三借阅区/ [索取号:O245/17] | 在馆 | |
| 3 | 0367348 | 203673480 | 第三借阅区/ [索取号:O245/17] | 在馆 | |
| 4 | 0367349 | 203673499 | 第三借阅区/ [索取号:O245/17] | 在馆 | |
| 5 | 0367350 | 203673505 | 第三借阅区/ [索取号:O245/17] | 在馆 | |
| 6 | 0367351 | 203673514 | 第三借阅区/ [索取号:O245/17] | 在馆 |